02058 2200709 4500001002100000005001500021008003900036020001800075035002000093082000800113084001400121100002700135245004300162250000600205260004500211300001200256520055400268650001000822990001200832990001200844990001200856990001200868990001200880990001200892990001200904990001200916990001200928990001200940990001200952990001200964990001200976990001200988990001201000990001201012990001201024990001201036990001201048990001201060990001201072990001201084990001201096990001201108990001201120990001201132990001201144990001201156990001201168990001201180990001201192990001201204990001201216990001201228990001201240990001201252990001201264990001201276990001201288990001201300990001201312990001201324990001201336INLIS00000000000115120240523105559240523 | | |  a979-97312-5-9 a0010-0524000386 a813 a813 PRA j aAnanta Toer, Pramoedya1 aJejak Langkah /cPramoedya Ananta Toer a1 aJakarta :bLentera Dipantara,cNov. 2020 a732 hlm aJejak Langkah adalah novel ketiga dari Tetralogi buru oleh penulis Indonesia, Pramoedya Ananta Toer. Dalam tetralogi ini, dibahas tentang kehidupan tokoh fiksi Tirto Adhi Soerjo, seorang bangsawan Indonesia dan wartawan perintis. Buku ini bercerita tentang kehidupan Minke narator orang pertama dan protagonis, berdasarkan tokoh Tirto Adhi Soerjo setelah pindah dari Surabaya ke Batavia, ibu kota Hindia Belanda. Edisi asli dalam bahasa Indonesia diterbitkan pada tahun 1985 dan terjemahan bahasa inggris oleh Max Lane diterbitkan pada tahun 1990. 4aFiksi a0744207 a0744208 a0744209 a0744210 a0744211 a0744212 a0744213 a0744660 a0744661 a0744662 a0744663 a0744664 a0744665 a0744666 a0744667 a0744668 a0744669 a0744670 a0744671 a0744672 a0744673 a0744674 a0744675 a0744676 a0744677 a0744678 a0744679 a0744680 a0744681 a0744682 a0744683 a0744684 a0744685 a0744686 a0744687 a0744688 a0744689 a0744690 a0744691 a0744692 a0744693 a0744694 a0744695